The princess and the pea. (Record no. 21967)

000 -LEADER
fixed length control field 00401nam a22001337a 4500
003 - CONTROL NUMBER IDENTIFIER
control field OSt
005 - DATE AND TIME OF LATEST TRANSACTION
control field 20260126140939.0
008 - FIXED-LENGTH DATA ELEMENTS--GENERAL INFORMATION
fixed length control field 260126b xxua|||| |||| 00| 0 eng d
040 ## - CATALOGING SOURCE
Transcribing agency CSU
245 ## - TITLE STATEMENT
Title The princess and the pea.
260 ## - PUBLICATION, DISTRIBUTION, ETC. (IMPRINT)
Place of publication, distribution, etc Sunrise Publishers :
Name of publisher, distributor, etc [name of publisher not identified],
Date of publication, distribution, etc [date of publication not identified].
300 ## - PHYSICAL DESCRIPTION
Extent 16 pages :
Other physical details color illustrations.
942 ## - ADDED ENTRY ELEMENTS (KOHA)
Source of classification or shelving scheme
Koha item type Books
Holdings
Price effective from Permanent Location Date last seen Not for loan Date acquired Source of classification or shelving scheme Koha item type Lost status Withdrawn status Copy number Source of acquisition Collection code Damaged status Barcode Shelving location Current Location Full call number
2026-01-20Cagayan State University - Carig Library2026-01-26 2026-01-26 Books  1DonationChildren Section C001012Children SectionCagayan State University - Carig LibraryCS C1012 T3746
2026-01-23Cagayan State University - Carig Library2026-01-26 2026-01-26 Books  2DonationsChildren Section C0001032Children SectionCagayan State University - Carig LibraryCS C1032 T4437

Cagayan State University University Library, Carig Campus
Tuguegarao City, Cagayan 3500 | www.csucarig.edu.ph

Powered by Koha